000 00284nam a22001337a 4500
008 170605b xxu||||| |||| 00| 0 eng d
020 _a9780321023872
041 _aeng
080 _23 ED
_a94
100 _aSHH
101 _aSHH
245 _aHISTORY
_cMARKUS.R
942 _2udc
_cBK
999 _c15938
_d15938